Black Widow (2021): Characters by Picture - Statistics

General Stats
  • This quiz has been taken 57 times
  • The average score is 7 of 11
Answer Stats
Picture Answer % Correct
Black Widow
100%
Yelena Belova
94%
Red Guardian Alexei Shostakov
92%
Hawkeye
90%
Taskmaster
88%
Thaddeus Ross
61%
Contessa Valentina Allegra de Fontaine
59%
General Dreykov
57%
Melina Vostokoff
53%
Rick Mason
14%
Ursa Major
12%
No matching quizzes found
Score Distribution
Percent of People with Each Score
Percentile by Number Answered
Your Score History
You have not taken this quiz